<?xml version="1.0" encoding="UTF-8"?>
<marc:record xmlns:marc="http://www.loc.gov/MARC21/slim">
   <marc:leader>00000nam a2200000 a 4500</marc:leader>
   <marc:datafield ind1="1" ind2=" " tag="100">
      <marc:subfield code="a">Unger, Hans-Peter</marc:subfield>
      <marc:subfield code="4">aut</marc:subfield>
      <marc:subfield code="e">Verfasser/-in</marc:subfield>
   </marc:datafield>
   <marc:datafield ind1="1" ind2=" " tag="100">
      <marc:subfield code="a">Kleinschmidt, Carola</marc:subfield>
      <marc:subfield code="4">aut</marc:subfield>
      <marc:subfield code="e">Verfasser/-in</marc:subfield>
   </marc:datafield>
   <marc:datafield ind1=" " ind2=" " tag="653">
      <marc:subfield code="a">Arbeitswelt</marc:subfield>
   </marc:datafield>
   <marc:datafield ind1=" " ind2=" " tag="653">
      <marc:subfield code="a">Stress</marc:subfield>
   </marc:datafield>
   <marc:datafield ind1=" " ind2=" " tag="653">
      <marc:subfield code="a">Burnout-Syndrom</marc:subfield>
   </marc:datafield>
   <marc:datafield ind1=" " ind2=" " tag="653">
      <marc:subfield code="a">Prävention</marc:subfield>
   </marc:datafield>
   <marc:datafield ind1=" " ind2=" " tag="653">
      <marc:subfield code="a">Burn-out</marc:subfield>
   </marc:datafield>
   <marc:datafield ind1=" " ind2=" " tag="653">
      <marc:subfield code="a">Erschöpfungsdepression</marc:subfield>
   </marc:datafield>
   <marc:datafield ind1=" " ind2=" " tag="653">
      <marc:subfield code="a">Erschöpfungsspirale</marc:subfield>
   </marc:datafield>
   <marc:datafield ind1=" " ind2=" " tag="653">
      <marc:subfield code="a">Ausbrennen</marc:subfield>
   </marc:datafield>
   <marc:datafield ind1=" " ind2=" " tag="653">
      <marc:subfield code="a">Arbeitsdepression</marc:subfield>
   </marc:datafield>
   <marc:datafield ind1=" " ind2=" " tag="653">
      <marc:subfield code="a">Depression</marc:subfield>
   </marc:datafield>
   <marc:datafield ind1=" " ind2=" " tag="653">
      <marc:subfield code="a">moderne Arbeitswelt</marc:subfield>
   </marc:datafield>
   <marc:datafield ind1=" " ind2=" " tag="653">
      <marc:subfield code="a">Gesundheitsspirale</marc:subfield>
   </marc:datafield>
   <marc:datafield ind1=" " ind2=" " tag="653">
      <marc:subfield code="a">Softcover / Sachbücher/Politik</marc:subfield>
   </marc:datafield>
   <marc:datafield ind1=" " ind2=" " tag="653">
      <marc:subfield code="a">Gesellschaft</marc:subfield>
   </marc:datafield>
   <marc:datafield ind1=" " ind2=" " tag="653">
      <marc:subfield code="a">Wirtschaft/Gesellschaft</marc:subfield>
   </marc:datafield>
   <marc:datafield ind1="0" ind2="0" tag="245">
      <marc:subfield code="a">Das hält keiner bis zur Rente durch!</marc:subfield>
   </marc:datafield>
   <marc:datafield ind1="0" ind2="0" tag="245">
      <marc:subfield code="b">damit Arbeit nicht krank macht: Erkenntnisse aus der Stress-Medizin</marc:subfield>
   </marc:datafield>
   <marc:datafield ind1="0" ind2="0" tag="245">
      <marc:subfield code="c">Hans-Peter Unger ; Carola Kleinschmidt</marc:subfield>
   </marc:datafield>
   <marc:datafield ind1=" " ind2="1" tag="264">
      <marc:subfield code="a">München</marc:subfield>
      <marc:subfield code="b">Kösel</marc:subfield>
      <marc:subfield code="c">2014</marc:subfield>
   </marc:datafield>
   <marc:datafield ind1="1" ind2=" " tag="520">
      <marc:subfield code="a">Angaben aus der Verlagsmeldung

»Das hält keiner bis zur Rente durch!« : Damit Arbeit nicht krank macht: Erkenntnisse aus der Stress-Medizin / von Hans-Peter Unger, Carola Kleinschmidt

Warum fällt es so schwer, aus dem Hamsterrad auszusteigen, obwohl wir wissen, dass es uns krank macht? Dr. Unger, einer der bekanntesten Stressmediziner Deutschlands, und die Journalistin und Trainerin Carola Kleinschmidt fühlen den Ursachen der Stress-Plage den Puls. Beide sind seit Jahren aktiv in Lösungsansätzen für psychische Gesundheit in Unternehmen engagiert. In ihrem neuen Buch entwerfen Unger/Kleinschmidt das Modell der Gesundheitsspirale auf drei Ebenen: der individuellen Ebene, der Ebene der Arbeitsorganisation sowie der Gesellschaft.

Ergänzt durch Fallbeispiele aus der Praxis, wirksame Übungen für jeden von uns und konkrete Anregungen für Betriebe, Führungskräfte und politisch Verantwortliche, entsteht ein wissenschaftlich fundiertes, erkenntnisreiches und gesellschaftlich höchst relevantes Werk, das sich zudem als spannendes Lesevergnügen entpuppt.

»Ein großer Teil der Bevölkerung vermisst im eigenen Leben Sinn und innere Orientierung. Die Folge: Man richtet sich an den äußeren Anforderungen aus und gerät schnell in Stress-Spiralen.« Hans-Peter Unger und Carola Kleinschmidt

»Ich habe Stress, also bin ich«
Die tieferen Ursachen der Stress-Krise
Sinn und innere Orientierung statt Ausbrennen im Hamsterrad
Anregungen für Mitarbeiter, Führungskräfte und Unternehmen
Wie Daueranspannung Körper und Gehirn verändert
Gesundheit als Balance zwischen Risiko- und Schutzfaktoren

</marc:subfield>
   </marc:datafield>
   <marc:datafield ind1=" " ind2=" " tag="020">
      <marc:subfield code="a">9783466310067</marc:subfield>
      <marc:subfield code="9">9783466310067</marc:subfield>
   </marc:datafield>
   <marc:datafield ind1=" " ind2=" " tag="020">
      <marc:subfield code="a">3466310067</marc:subfield>
      <marc:subfield code="9">3466310067</marc:subfield>
   </marc:datafield>
   <marc:datafield ind1=" " ind2=" " tag="300">
      <marc:subfield code="a">302 S.</marc:subfield>
   </marc:datafield>
</marc:record>
